000
00194 a2200097 4500
001
59645
100
_a
245
_a
Topology
260
_a
New York
_b
Mc Graw Hill
_c
2005
090
_c
36519
_d
36519
942
_a
NUST-CAE
_c
_c
29468
999
_c
294718
_d
294718